Normal view MARC view
  • Santamarina, María Dolores

Entry Nombre Personal

Number of records used in: 1

001 - NUMERO DE CONTROL

  • campo de control: 58581

003 - IDENTIFICADOR DE NUMERO DE CONTROL

  • campo de control: MX-MxUPN

005 - FECHA Y HORA DE LA ÜLTIMA TRANSACCIÓN

  • campo de control: 20260108151317.0

008 - DATOS DE LONGITUD FIJA

  • campo de control de longitud fija: 260108|| aca||aabn | aaa d

040 ## - FUENTE DE CATALOGACIÓN

  • Agencia original de catalogación: MX-MxUPN
  • Lenguaje de catalogación: spa
  • Agencia de transcripción: MX-MxUPN

100 1# - ENCABEZAMIENTO - NOMBRE PERSONAL

  • Nombre personal: Santamarina, María Dolores

371 ## - DIRECCIÓN

  • Electronic mail address: santamarinadolores@gmail.com

373 ## - GRUPO ASOCIADO

  • Associated group: Universidad Nacional de Córdoba

670 ## - FUENTE EN LA QUE SE LOCALIZARON DATOS

  • Cita de la fuente: Educación, lenguaje y sociedad, Vol. 19 Núm. 19 (2021):
  • Información localizada: (María Dolores Santamarina; Escuela de Ciencias de la Educación, Facultad de Filosofía y Humanidades, Universidad Nacional de Córdoba, Argentina; santamarinadolores@gmail.com)

902 ## - CATALOGADOR

  • Catalogador: Víctor Ruiz/080126